[Event "Memorial M.Chigorin (open) ( b)"]
[Site "masterchessopen.com St. Petersburg (Russia)"]
[Date "2006.10.23"]
[Round "1"]
[White "Skvortsov Mikhail S (RUS)"]
[Black "Kirillova Varvara (RUS)"]
[Result "0-1"]
[WhiteElo "2048"]
[BlackElo "2244"]

1.d4 d6 2.Nf3 Nd7 3.g3 Ngf6 4.Bg2 g6 5.O-O Bg7 6.c4 O-O 7.Nc3 e5 8.e4 c6 9.Re1
a5 10.h3 Qb6 11.b3 Nxe4 12.dxe5 Nxe5 13.Nd4 Nc5 14.Be3 a4 15.Qc2 Qa5 16.Kh2
Re8 17.f4 axb3 18.axb3 Qxa1 19.Rxa1 Rxa1 20.b4 Ne6 21.Qb2 Ra8 22.g4 Nxd4
23.Bxd4 Nxg4+ 24.hxg4 Bxd4 25.Kg3 f5 26.gxf5 {#R} 0-1

[Event "Ch SK \"]
[Site "masterchessopen.com Kiev (Ukraine)"]
[Date "2006.11.01"]
[Round "5"]
[White "Baryshpolets Andrey (UKR)"]
[Black "Kalinina Olga (UKR)"]
[Result "1-0"]
[WhiteElo "2265"]
[BlackElo "2191"]

1.Nf3 d6 2.d4 g6 3.c4 Bg7 4.Nc3 Nf6 5.g3 O-O 6.Bg2 Nbd7 7.O-O e5 8.e4 c6 9.b3
Re8 10.Be3 exd4 11.Nxd4 Nc5 12.Qc2 a5 13.Rab1 Qe7 14.Rfe1 Nfxe4 15.Nxe4 Nxe4
16.Rbd1 Nc5 17.Qd2 Qf6 18.Bg5 {#r} 1-0

[Event "Ch Primorie"]
[Site "masterchessopen.com Vladivostok (Russia)"]
[Date "2006.12.02"]
[Round "1"]
[White "Khitrukhin Igor (RUS)"]
[Black "Kharitonov Egor (RUS)"]
[Result "0-1"]
[WhiteElo "2304"]
[BlackElo "2316"]

1.d4 Nf6 2.Nf3 g6 3.g3 Bg7 4.Bg2 d6 5.O-O O-O 6.c4 Nbd7 7.Nc3 e5 8.e4 c6 9.Bg5
h6 10.Bxf6 Bxf6 11.d5 c5 12.a4 Bg7 13.a5 f5 14.Nh4 Qf6 15.exf5 gxf5 16.Bh3 Nb8
17.Qh5 Na6 18.Nb5 Bd7 19.Ra3 e4 20.Rb3 Qg5 21.Qe2 Qf6 22.Ng2 Nb4 23.Nf4 Bxb5
24.cxb5 Qf7 25.Qd2 Rfe8 26.g4 Nd3 27.Nxd3 Qxd5 28.Qd1 c4 29.Rb4 exd3 30.gxf5
Re2 31.Qc1 d2 32.Qxc4 Qxc4 33.Rxc4 Re1 34.Bg4 Rae8 35.Rc7 Bd4 36.Rc4 R8e4
37.Bf3 Bxf2+ 38.Kxf2 Rxf1+ 39.Kxf1 Rxc4 {#R} 0-1

[Event "Ch Croatia (team) (2nd league) (play-off)"]
[Site "masterchessopen.com Kutina (Croatia)"]
[Date "2006.12.10"]
[Round "1"]
[White "Berebora Ferenc (HUN)"]
[Black "Matko Ognjen (CRO)"]
[Result "1-0"]
[WhiteElo "2371"]
[BlackElo "2159"]

1.d4 Nf6 2.c4 g6 3.g3 Bg7 4.Bg2 O-O 5.Nc3 d6 6.Nf3 Nbd7 7.O-O e5 8.e4 c6 9.Rb1
a5 10.h3 Qe7 11.Re1 h6 12.Be3 Nh5 13.Qd2 g5 14.Rbd1 Kh7 15.Qe2 Ndf6 16.c5 g4
17.cxd6 Qxd6 18.Nxe5 Qe6 19.hxg4 Nxg4 20.Nxg4 Qxg4 21.Bf3 Qh3 22.Bxh5 f5 23.e5
f4 24.Bxf4 Rxf4 25.gxf4 Bf5 26.Ne4 Bxe5 27.dxe5 Rg8+ 28.Ng3 {#r} 1-0

[Event "It (open)"]
[Site "masterchessopen.com Prague (Czech Republic)"]
[Date "2007.01.16"]
[Round "7"]
[White "Juptner Jan (CZE)"]
[Black "Forthoffer Patrick (FRA)"]
[Result "1-0"]
[WhiteElo "2358"]
[BlackElo "2237"]

1.d4 Nf6 2.c4 g6 3.Nc3 Bg7 4.Nf3 d6 5.g3 O-O 6.Bg2 Nbd7 7.O-O e5 8.e4 c6 9.b3
Re8 10.Re1 exd4 11.Nxd4 Nc5 12.Rb1 a5 13.Bf4 Ng4 14.h3 Qf6 15.hxg4 Qxd4
16.Qxd4 Bxd4 17.Ne2 Be5 18.g5 Bg4 19.f3 Be6 20.Red1 Rad8 21.Be3 Bg7 22.Rd2 Kf8
23.Rbd1 Ke7 24.f4 Bg4 25.e5 Bxe2 26.Rxe2 Ne6 27.exd6+ Kd7 28.Bb6 Ra8 29.Bh3 a4
30.b4 a3 31.c5 h6 32.Kg2 Ra4 33.Re4 h5 34.Rd3 Bb2 35.f5 gxf5 36.Bxf5 Raa8
37.Rde3 {#r} 1-0

[Event "Cup City"]
[Site "masterchessopen.com Ufa (Russia)"]
[Date "2007.01.20"]
[Round "6"]
[White "Antonov Semen (RUS)"]
[Black "Ilkin Albert (RUS)"]
[Result "1-0"]
[WhiteElo "2102"]
[BlackElo "2302"]

1.d4 Nf6 2.c4 g6 3.Nc3 Bg7 4.Nf3 O-O 5.g3 d6 6.Bg2 Nbd7 7.O-O e5 8.e4 c6 9.b3
Re8 10.Bb2 Qc7 11.Qc2 Nf8 12.Rad1 Bg4 13.h3 Bxf3 14.Bxf3 Ne6 15.dxe5 dxe5
16.Ne2 a5 17.a3 Bf8 18.Bg2 Rad8 19.f4 Bc5+ 20.Kh2 Nd4 21.Nxd4 Bxd4 22.fxe5
Qxe5 23.Rxd4 Rxd4 24.Qf2 {#r} 1-0

[Event "It (open)"]
[Site "masterchessopen.com Moscow (Russia)"]
[Date "2007.01.30"]
[Round "4"]
[White "Grigoriadis Alexandros (GRE)"]
[Black "Ezhikov Vitaly (RUS)"]
[Result "1-0"]
[WhiteElo "2346"]
[BlackElo "2102"]

1.Nf3 g6 2.g3 Bg7 3.Bg2 d6 4.d4 Nf6 5.O-O O-O 6.c4 Nbd7 7.Nc3 e5 8.e4 c6 9.Re1
exd4 10.Nxd4 Qb6 11.Na4 Qc7 12.Bf4 Ne5 13.Rc1 Qe7 14.h3 Nfd7 15.Be3 Nc5 16.Rc3
Nxa4 17.Qxa4 c5 18.Ne2 Nc6 19.Rc2 Be6 20.Rd2 Ne5 21.Rc1 a6 22.b3 b5 23.Qa3 Qc7
24.Nf4 Bd7 25.Nd5 Qd8 26.Rcc2 bxc4 27.bxc4 Nc6 28.Kh2 Be6 29.Nf4 Nd4 30.Bxd4
Bxd4 31.Nxe6 fxe6 32.e5 Ra7 33.Rxd4 cxd4 34.exd6 Raf7 35.f4 g5 36.c5 gxf4
37.gxf4 Rxf4 38.c6 {#r} 1-0

[Event "Ch Schleswig Holstein"]
[Site "masterchessopen.com Itzehoe (Germany)"]
[Round "6"]
[White "Krause Ullrich (GER)"]
[Black "Schwarz Frank (GER)"]
[Result "1-0"]
[WhiteElo "2276"]
[BlackElo "2227"]

1.Nf3 Nf6 2.c4 g6 3.Nc3 Bg7 4.g3 O-O 5.Bg2 d6 6.d4 Nbd7 7.O-O e5 8.e4 c6 9.Rb1
a5 10.Re1 Re8 11.h3 exd4 12.Nxd4 Nc5 13.Qc2 Nfd7 14.Be3 Ne5 15.b3 Qe7 16.Rbd1
h5 17.f4 Ned7 18.Bf2 Nf8 19.Nde2 Nfe6 20.Qd2 Bf8 21.Nd4 Nxd4 22.Bxd4 Ne6
23.Nd5 cxd5 24.exd5 Qc7 25.dxe6 Bxe6 26.a4 Kh7 27.Qf2 Bf5 28.g4 Bd7 29.f5 {#r}
1-0

[Event "It (open)"]
[Site "masterchessopen.com Dubai (United Arab Emirates)"]
[Date "2007.04.22"]
[Round "1"]
[White "Saleh Nagueb (UAE)"]
[Black "Sturua Zurab (GEO)"]
[Result "0-1"]
[WhiteElo "2178"]
[BlackElo "2515"]

1.Nf3 d6 2.d4 Nf6 3.c4 g6 4.Nc3 Bg7 5.g3 O-O 6.Bg2 Nbd7 7.O-O e5 8.e4 c6 9.Rb1
a5 10.h3 h6 11.Re1 Nh7 12.Be3 Ng5 13.Nxg5 hxg5 14.dxe5 Nxe5 15.c5 dxc5 16.Bxc5
Re8 17.Qxd8 Rxd8 18.Red1 Be6 19.Bf1 Nf3+ 20.Kg2 Nd2 21.Rbc1 g4 22.h4 b5 23.Be3
Nc4 24.Bxc4 Bxc4 25.b3 Rxd1 26.Nxd1 Be2 27.Kh2 Bf3 28.Nc3 Rd8 29.Bb6 Rd2 {#R}
0-1

[Event "It (open) \"]
[Site "masterchessopen.com Berlin (Germany)"]
[Date "2007.05.17"]
[Round "2"]
[White "Kalinitschew Sergey (GER)"]
[Black "Hannebauer Torsten (GER)"]
[Result "1-0"]
[WhiteElo "2489"]
[BlackElo "2203"]

1.d4 Nf6 2.Nf3 g6 3.c4 Bg7 4.g3 O-O 5.Bg2 d6 6.O-O Nbd7 7.Nc3 e5 8.e4 Re8 9.h3
exd4 10.Nxd4 Nc5 11.Re1 a5 12.Ndb5 Bd7 13.Bf4 Bc6 14.Qc2 Nfd7 15.Rad1 Ne5
16.Nd5 Bxb5 17.cxb5 Rb8 18.Be3 b6 19.b3 Rc8 20.f4 Ned7 21.Bf2 Nf6 22.e5 {#r}
1-0

[Event "Memorial V.Doroshkevich (open)"]
[Site "masterchessopen.com Belorechensk (Russia)"]
[Date "2007.06.06"]
[Round "9"]
[White "Baranov Vyacheslav (RUS)"]
[Black "Meshalkin Yuriu (RUS)"]
[Result "0-1"]
[WhiteElo "1529"]
[BlackElo "2374"]

1.d4 Nf6 2.c4 g6 3.g3 Bg7 4.Bg2 O-O 5.Nf3 d6 6.Nc3 Nbd7 7.O-O e5 8.e4 c6 9.Rb1
a5 10.a4 exd4 11.Nxd4 Nc5 12.h3 Re8 13.Re1 Qb6 14.b3 Nfd7 15.Be3 Qb4 16.Qc2
Nf8 17.f3 Nfe6 18.Nce2 f5 19.Red1 fxe4 20.fxe4 Be5 21.Nf4 Rf8 22.Rf1 Nxd4
23.Qd1 Nde6 {#R} 0-1

[Event "Memorial R.Nezhmetdinov (open)"]
[Site "masterchessopen.com Kazan (Russia)"]
[Date "2007.06.06"]
[Round "6"]
[White "Bocharov Dmitry (RUS)"]
[Black "Kalegin Evgenij (RUS)"]
[Result "1-0"]
[WhiteElo "2611"]
[BlackElo "2484"]

{ Bocharov Dmitry (RUS) +7 =3 -0 Kalegin Evgenij (RUS) +1 =1 -2 } 1.d4 Nf6
2.Nf3 g6 3.c4 Bg7 4.g3 O-O 5.Bg2 d6 6.O-O Nbd7 7.Nc3 e5 8.e4 c6 9.Be3 { = }
9...a5 10.h3 ( 10.dxe5 { +0.64 CAP } ) 10...a4 ( 10...exd4 11.Nxd4 Re8 12.Qc2
Nc5 13.Rad1 Nfd7 14.Nb3 Qe7 15.Nxc5 Nxc5 16.Bd4 Be6 17.Bxg7 Kxg7 18.Rd4 Rad8
19.Rfd1 f6 20.Qd2 Rd7 21.Ne2 a4 22.Nc3 Bf7 23.h4 Red8 24.Qc2 Ra8 25.Bf1 Ne6
26.R4d3 Nc5 27.Rd4 Ne6 28.R4d3 Nc5 29.Re3 Rdd8 30.Rd2 { ...1-0, Illescas
Cordoba Miguel 2640 - Shulman Yuri 2520 , Pamplona 1996 It } ) ( 10...Re8
11.Qc2 a4 12.Rab1 exd4 13.Nxd4 Nc5 14.Rfe1 Qe7 15.Rbd1 Nfd7 16.Re2 Ne5 17.b3
axb3 18.axb3 f6 19.f4 Nf7 20.Bf2 Bd7 21.b4 Na6 22.Rb1 Nc7 23.Qc1 Qf8 24.Rd2
Qe7 25.Qd1 Ne6 26.Nde2 Bc8 27.Na4 Nf8 28.Nb6 Rb8 29.c5 dxc5 30.bxc5 { ...1-0,
Petrosian Tigran V 2620 - Ciocaltea Viktor 2455 , Buenos Aires 1978 Olympiad }
) 11.b4 ( 11.Qc2 Qa5 12.d5 cxd5 13.cxd5 b5 14.a3 Nc5 15.Bxc5 dxc5 16.Nxe5 Re8
17.Nc6 Qb6 18.e5 Nd7 19.e6 Nf6 20.exf7+ Kxf7 21.Rfe1 Bb7 22.Qd3 c4 23.Qf3 Kg8
24.Re6 Rxe6 25.dxe6 Kh8 26.Rd1 Rc8 27.e7 b4 28.Nxa4 Qc7 29.axb4 Re8 30.Qf4
Qxf4 { ...1-0, Guliev Sarhan 2495 - Shulman Yuri 2540 , Moscow 1995 It } ) (
11.dxe5 dxe5 12.b4 axb3 13.axb3 Rxa1 14.Qxa1 Qe7 15.Qa5 Re8 16.c5 Nf8 17.Nd2
Be6 18.Nc4 Bxc4 19.bxc4 Ne6 20.Rb1 Bf8 21.Na4 Rd8 22.Qa7 Qe8 23.Qxb7 Ra8
24.Qb4 Nd7 25.Rd1 Rb8 26.Qa5 Ra8 27.Qb4 Rb8 28.Qa5 Ra8 29.Qb4 Rb8 30.Qa5 {
1/2-1/2, Gaprindashvili Valeriane 2476 - Kveinys Aloyzas 2547 , Cappelle la
Grande 2001 It (open) } ) 11...axb3 12.axb3 Rxa1 13.Qxa1 exd4 ( 13...Re8 14.d5
Qc7 15.Nd2 Nh5 16.Qa7 { 1/2-1/2, Fominykh Maria 2309 - Kirillova Varvara 2262
, Budva 2003 Ch Europe (juniors) (under 16) (g) } ) 14.Nxd4 Re8 { -0.52 CAP }
( 14...Nc5 15.Qb1 Re8 16.b4 Ne6 17.Nde2 Nd7 18.Rd1 Qe7 19.f4 Nc7 20.Bd4 Bxd4+
21.Nxd4 Nb6 22.Qd3 Na6 23.Nc2 Be6 24.Qxd6 Nxc4 25.Qxe7 Rxe7 26.Bf1 f6 27.Rd8+
Kf7 28.Nd4 Ne3 29.Bxa6 bxa6 30.Nxe6 Rxe6 31.Ra8 Nc2 32.Ra7+ Re7 33.Rxa6 Nxb4
34.Rb6 { ...1-0, Shaidullina Sandugach 2308 - Kirillova Varvara 2262 ,
Voronezh 14.11.2004 Cup Russia (w) (final) } ) 15.b4 { N } ( 15.Qb1 Qe7 (
15...Nc5 16.b4 Ne6 17.Nde2 Nd7 18.f4 Nc7 19.Rd1 Qe7 20.Qd3 d5 21.cxd5 Qxb4
22.dxc6 bxc6 23.e5 Nb8 24.Rb1 Ba6 25.Qxg6 Qa3 26.Qd6 Qxd6 27.exd6 Nb5 28.Nxb5
Bxb5 29.Kf2 Nd7 30.Nd4 Bxd4 31.Bxd4 Re2+ 32.Kg1 Rd2 33.Bc3 Rxd6 34.Ra1 f6 {
...0-1, Kostiuk Tatiana 2269 - Kirillova Varvara 2241 , St. Petersburg 1.
2.2005 It (w) "FINEC" } ) 16.Re1 ( 16.Nde2 h5 17.Rd1 Nc5 18.f3 Nfd7 19.Bf2 Kh7
20.Qc2 Na6 21.Nd4 Nb4 22.Qb1 Nc5 23.Na2 Nca6 24.Nc3 Nc5 25.Na2 Nca6 26.Nc3 {
1/2-1/2, Nalesny Igor - Krassilnikov Evgeni 2262 , Novgorod 1999 Cup Russia
(open) } ) 16...Nc5 17.f3 Nfd7 18.Kh2 Ne5 19.Rd1 f5 20.Bf2 fxe4 21.Nxe4 Nxe4
22.Qxe4 Qf7 23.Qc2 g5 24.Kh1 Bd7 25.Qc1 h6 26.f4 Ng6 27.Be3 gxf4 28.Bxf4 Nxf4
29.Qxf4 Qxf4 30.gxf4 Re3 31.Nf3 Bf8 32.b4 Be6 33.Rd4 Rc3 34.Nd2 Bxh3 { ...0-1,
Verat Laurent 2351 - Reyes Juan 2457 , Palma de Majorca 1991 It (open) } )
15...Qe7 { ?! } ( 15...c5 { !? } 16.bxc5 dxc5 17.Ndb5 Nxe4 18.Qc1 Nxc3 19.Nxc3
Bd4 20.Nd5 Bxe3 21.fxe3 Qg5 22.Qe1 { } ) 16.Qa2 h5 17.Rd1 Nf8 18.Qd2 N8d7
19.f4 Nxe4 { ?! } ( 19...h4 { !? } 20.gxh4 c5 21.Ndb5 cxb4 22.Nd5 Nxd5 23.Qxd5
Rd8 24.Nxd6 Nf6 { } ) 20.Nxe4 f5 21.Nxc6 bxc6 22.Nxd6 Qxe3+ 23.Qxe3 Rxe3
24.Nxc8 Nf6 25.Kf2 Rc3 26.c5 Rc2+ 27.Kg1 h4 28.Ne7+ Kh7 29.Bxc6 { ? } ( { ? }
29.Nxc6 hxg3 30.Nd4 Rc4 31.Ne6 Rxb4 32.c6 Rc4 33.c7 Ne8 34.Rd7 Kh6 35.Bb7 Nxc7
36.Rxc7 { } ) 29...hxg3 30.Bf3 Bh6 31.Rd4 Bf8 { ? } ( 31...Bg7 32.Rd3 Bh6
33.Bd1 Rb2 34.Rxg3 Rb1 35.Rd3 Rxb4 36.c6 Bxf4 37.Kg2 Kg7 38.Rb3 Rxb3 { } )
32.Nc6 Kh6 33.Rd8 Bg7 34.Ne5 Ne4 35.Nf7+ Kh7 36.Bxe4 fxe4 37.Ng5+ Kh6 38.Nxe4
{ } {#r} 1-0

[Event "It (open)"]
[Site "masterchessopen.com Pieczyska (Poland)"]
[Date "2007.06.24"]
[Round "2"]
[White "Zietak Krzysztof (POL)"]
[Black "Jaroch Pawel (POL)"]
[Result "0-1"]
[WhiteElo "2028"]
[BlackElo "2233"]

1.d4 d6 2.c4 e5 3.Nf3 Nd7 4.Nc3 Ngf6 5.g3 g6 6.Bg2 Bg7 7.O-O O-O 8.e4 c6 9.Rb1
a5 10.h3 exd4 11.Nxd4 Nc5 12.Re1 Re8 13.Nb3 Nxb3 14.Qxb3 Nd7 15.Bf4 Nc5 16.Qd1
Be5 17.Bxe5 dxe5 18.Qe2 Ne6 19.Qe3 Nd4 20.Red1 Qe7 21.Rd2 a4 22.Ne2 Be6 23.Rc1
c5 24.f4 f6 25.Nxd4 exd4 26.Qd3 Red8 27.Re2 Kg7 28.g4 b5 29.cxb5 c4 30.Qd2
Rac8 31.e5 f5 32.gxf5 Bxf5 33.Bc6 Bd3 34.Kh2 a3 35.f5 gxf5 36.bxa3 Kf8 37.Rg2
Qc5 38.e6 f4 39.Rg4 {#R} 0-1

[Event "Memorial Izmailov (open)"]
[Site "masterchessopen.com Tomsk (Russia)"]
[Round "0"]
[White "Khasin Alexander (RUS)"]
[Black "Medybayev Daniyar (KAZ)"]
[Result "1-0"]
[WhiteElo "2510"]
[BlackElo "2222"]

1.c4 Nf6 2.g3 g6 3.Bg2 Bg7 4.Nc3 O-O 5.d4 d6 6.Nf3 Nbd7 7.O-O e5 8.e4 c6 9.Be3
Ng4 10.Bg5 f6 11.Bc1 Qc7 12.h3 Nh6 13.b4 f5 14.Ng5 Nf6 15.dxe5 dxe5 16.c5 Kh8
17.b5 Qe7 18.bxc6 bxc6 19.Qd6 Qe8 20.exf5 e4 21.fxg6 Nf5 22.Nf7+ Qxf7 23.gxf7
Nxd6 24.cxd6 Nd5 25.Nxd5 Bxa1 26.Ne7 Rxf7 27.Rd1 Bf6 28.Ba3 Be6 29.Bxe4 Bxa2
30.Nxc6 Re8 31.Bf3 Be6 32.Bh5 {#r} 1-0

[Event "Ch Slovenia (qual)"]
[Site "masterchessopen.com Ljubljana (Slovenia)"]
[Date "2007.07.06"]
[Round "2"]
[White "Loviscek Matjaz (SLO)"]
[Black "Bratko Ivan (SLO)"]
[Result "0-1"]
[WhiteElo "2029"]
[BlackElo "2247"]

1.d4 Nf6 2.c4 g6 3.g3 Bg7 4.Bg2 d6 5.Nf3 O-O 6.O-O Nbd7 7.Nc3 e5 8.e4 c6 9.b3
Qb6 10.Bb2 exd4 11.Nxd4 Nc5 12.Qd2 Re8 13.Rfe1 a5 14.Rad1 a4 15.Qc2 Ng4 16.h3
Ne5 17.Kh2 Ned3 18.Rxd3 Nxd3 19.Qxd3 Qxd4 20.Qc2 axb3 21.axb3 Qf6 22.Rb1 Qe7
23.Rd1 h5 24.Bc1 h4 25.Bf4 Be5 26.Be3 Ra3 27.Qb2 Ra5 28.b4 Ra8 29.c5 hxg3+
30.fxg3 Qh4 31.Bf2 dxc5 32.bxc5 Be6 33.Qxb7 Qf6 34.Qxc6 Qxf2 35.Rd3 Rec8 {#R}
0-1

[Event "It (open)"]
[Site "masterchessopen.com Val Thorens (France)"]
[Date "2007.07.21"]
[Round "8"]
[White "Paci Cedric (FRA)"]
[Black "Kharmoudi Slimane (FRA)"]
[Result "1-0"]
[WhiteElo "2301"]
[BlackElo "2078"]

1.Nf3 g6 2.c4 Bg7 3.d4 Nf6 4.g3 d6 5.Bg2 O-O 6.O-O Nbd7 7.Nc3 e5 8.e4 c6 9.Qc2
Qc7 10.h3 exd4 11.Nxd4 a5 12.Be3 Nc5 13.Rad1 Be6 14.b3 Rfe8 15.Rfe1 Rad8 16.f4
Bc8 17.Bf2 Nfd7 18.a3 Nf8 19.b4 axb4 20.axb4 Na6 21.Qb3 Be6 22.f5 Bxd4 23.Bxd4
gxf5 24.exf5 Bxf5 25.Ne4 Bxe4 26.Bxe4 d5 27.cxd5 cxd5 28.Bg2 Qc4 29.Qb2 Rxe1+
30.Rxe1 Qxb4 31.Qf2 Ne6 32.Rxe6 fxe6 33.Qf6 Qe1+ 34.Kh2 Rd7 35.Qh8+ Kf7 36.Bf6
Qb4 37.Qg7+ Ke8 38.Qg8+ Qf8 39.Qxe6+ Re7 40.Qc8+ Kf7 41.Bxd5+ {#r} 1-0

[Event "It (open)"]
[Site "masterchessopen.com Chambery (France)"]
[Date "2007.07.28"]
[Round "1"]
[White "Lavanchy Marc-Henri (SUI)"]
[Black "Scholz Christian (GER)"]
[Result "0-1"]
[WhiteElo "1972"]
[BlackElo "2371"]

1.c4 Nf6 2.Nf3 g6 3.g3 Bg7 4.Bg2 O-O 5.d4 d6 6.O-O Nbd7 7.Nc3 e5 8.e4 c6 9.Be3
Ng4 10.Bg5 f6 11.Bc1 f5 12.h3 Ngf6 13.dxe5 dxe5 14.exf5 gxf5 15.b4 e4 16.Nd4
Ne5 17.c5 Kh8 18.Be3 Nd5 19.Nxd5 Qxd5 20.Qc2 Nf3+ 21.Bxf3 exf3 22.Qb3 Qe4
23.Rad1 f4 24.Bxf4 Rxf4 25.Rfe1 Qg6 26.Nxf3 Bxh3 27.Rd6 Qh5 28.Nh2 Re8
29.Rxe8+ Qxe8 30.Qd1 Rf8 31.g4 Qe4 32.f3 Qxb4 33.Rd7 {#R} 0-1

[Event "It \"]
[Site "masterchessopen.com Kuala Lumpur (Malaysia)"]
[Date "2007.08.22"]
[Round "5"]
[White "Anas Nazreen Bakri (MAS)"]
[Black "Lee Kim Han Edward (MAS)"]
[Result "1-0"]
[WhiteElo "2253"]
[BlackElo "2045"]

1.d4 Nf6 2.c4 g6 3.Nf3 Bg7 4.g3 O-O 5.Bg2 d6 6.O-O Nbd7 7.Nc3 e5 8.e4 c6 9.Re1
Re8 10.h3 Qc7 11.b3 a6 12.Bb2 b5 13.cxb5 cxb5 14.Qd2 Bb7 15.dxe5 dxe5 16.Rad1
Rad8 17.Nh2 Nc5 18.Qe2 Ne6 19.Nd5 Bxd5 20.exd5 Nd4 21.Qd2 Nxd5 22.Bxd4 Ne7
23.Qc3 {#r} 1-0

[Event "Ch Montenegro (team) (Premier League)"]
[Site "masterchessopen.com Herceg Novi (Montenegro)"]
[Date "2007.09.09"]
[Round "7"]
[White "Scekic Veljko (MNE)"]
[Black "Tomic Goran (MNE)"]
[Result "0-1"]
[WhiteElo "2082"]
[BlackElo "2331"]

1.d4 Nf6 2.Nf3 g6 3.g3 Bg7 4.Bg2 O-O 5.O-O d6 6.c4 Nbd7 7.Nc3 e5 8.e4 c6 9.b3
exd4 10.Nxd4 Nc5 11.Bb2 Re8 12.Re1 a5 13.Qd2 Qb6 14.Rad1 a4 15.Qc2 axb3
16.axb3 Ng4 17.h3 Ne5 18.Kh2 Ned3 19.Rxd3 Nxd3 20.Qxd3 Qxd4 21.Qc2 Qc5 22.Na4
Qb4 23.Bxg7 Kxg7 24.Re3 Be6 25.Nc3 Kg8 26.Ne2 Qc5 27.Nf4 Ra1 28.Nd3 Qa5 29.c5
Ra2 30.Qc1 dxc5 31.Nxc5 Rxf2 32.Nxb7 Qa2 33.Qg1 Qd2 {#R} 0-1

[Event "It (open) \"]
[Site "masterchessopen.com Rome (Italy)"]
[Date "2007.10.30"]
[Round "2"]
[White "Horvath Csaba (HUN)"]
[Black "Zoldan Matteo (ITA)"]
[Result "1-0"]
[WhiteElo "2536"]
[BlackElo "2143"]

1.d4 Nf6 2.Nf3 g6 3.c4 Bg7 4.g3 O-O 5.Bg2 d6 6.O-O Nbd7 7.Nc3 e5 8.e4 c6 9.b3
Qb6 10.Bb2 exd4 11.Na4 Qc7 12.Qxd4 a6 13.Rad1 b5 14.Nc3 Ne8 15.Qe3 bxc4
16.bxc4 Nb6 17.Nd2 Be6 18.c5 dxc5 19.Qxc5 Nd6 20.Nd5 Bxd5 21.Bxg7 Nxe4 22.Nxe4
Kxg7 23.Qc3+ Kh6 24.Nf6 Be6 25.Rd4 g5 26.f4 Rh8 27.fxg5+ Kg7 28.Rd7 Na4
29.Ne8+ {#r} 1-0

[Event "Ch Slovenia (team) (1 league) West"]
[Site "masterchessopen.com Ljubljana (Slovenia)"]
[Date "2007.11.24"]
[Round "7"]
[White "Rodman Franc (SLO)"]
[Black "Bratko Ivan (SLO)"]
[Result "1-0"]
[WhiteElo "2180"]
[BlackElo "2247"]

1.d4 Nf6 2.c4 g6 3.g3 Bg7 4.Bg2 O-O 5.Nc3 d6 6.Nf3 Nbd7 7.O-O e5 8.e4 c6 9.Re1
a5 10.h3 Re8 11.Be3 exd4 12.Nxd4 Nc5 13.Qc2 a4 14.Rab1 Nfd7 15.b4 axb3 16.axb3
Ne5 17.Red1 Ra3 18.Nxc6 bxc6 19.Bxc5 Nxc4 20.Bb4 c5 21.Bxc5 Qa5 22.Bd4 Ne5
23.Nd5 Be6 24.b4 Qa8 25.b5 Rc8 26.Ne7+ Kf8 27.Nxc8 Bxc8 28.Be3 Rc3 29.Qe2 Bb7
30.Ra1 Qc8 31.Rac1 Rxc1 32.Rxc1 Qa8 33.Qd2 Kg8 34.f4 Bxe4 35.Bxe4 {#r} 1-0

[Event "Czech League 2007/08 (1st) East"]
[Site "masterchessopen.com Czech Republic"]
[Date "2008.01.06"]
[Round "5"]
[White "Hudziak Pawel (POL)"]
[Black "Jasny Stanislav (CZE)"]
[Result "0-1"]
[WhiteElo "2206"]
[BlackElo "1858"]

1.d4 Nf6 2.Nf3 g6 3.g3 Bg7 4.Bg2 O-O 5.O-O d6 6.c4 Nbd7 7.Nc3 e5 8.e4 c6 9.b3
exd4 10.Nxd4 Nc5 11.Bb2 Re8 12.Qc2 a5 13.Rad1 Qb6 14.h3 a4 15.Kh2 h5 16.f4
axb3 17.axb3 h4 18.gxh4 Nh5 19.Nce2 Ra2 20.Qb1 Rxb2 21.Qxb2 Nxe4 22.Qc2 d5
23.cxd5 cxd5 24.Nf3 Bf5 25.Nfd4 Neg3 26.Nxf5 Nxf5 27.Rxd5 Ne3 28.Qc5 Nxd5 {#R}
0-1

[Event "It (open) (b)"]
[Site "masterchessopen.com Moscow (Russia)"]
[Date "2008.02.02"]
[Round "1"]
[White "Smolsky Yury (RUS)"]
[Black "Khovalyg Eduard (RUS)"]
[Result "0-1"]
[WhiteElo "1926"]
[BlackElo "2206"]

1.d4 Nf6 2.Nf3 g6 3.c4 Bg7 4.Nc3 O-O 5.g3 d6 6.Bg2 Nbd7 7.O-O e5 8.e4 c6 9.d5
cxd5 10.cxd5 Nc5 11.Bg5 h6 12.Bxf6 Bxf6 13.b4 Nd7 14.a4 Bg7 15.Rc1 a6 16.Qe2
f5 17.Nh4 Qg5 18.Nf3 Qf6 19.Rc2 a5 20.Rb1 axb4 21.Rxb4 Nc5 22.Ne1 f4 23.f3 h5
24.Nd3 Nxd3 25.Qxd3 g5 26.Rf2 g4 27.Ne2 Qg5 28.Qd2 Bh6 29.gxf4 Qh4 30.Qe1 Rxf4
31.Ng3 Qg5 32.fxg4 Rxf2 33.Qxf2 Qc1+ 34.Qf1 Qc5+ 35.Kh1 Qxb4 36.Nxh5 Qd2
37.Nf6+ Kh8 38.Ne8 Qc1 {#R} 0-1

[Event "Czech League 2007/08 (2nd) (a)"]
[Site "masterchessopen.com Czech Republic"]
[Date "2008.02.03"]
[Round "7"]
[White "Drabek Miloslav (CZE)"]
[Black "Soukal Roman (CZE)"]
[Result "1-0"]
[WhiteElo "2109"]
[BlackElo "1935"]

1.d4 Nf6 2.Nf3 g6 3.c4 d6 4.Nc3 Bg7 5.g3 O-O 6.Bg2 Nbd7 7.O-O e5 8.e4 c6 9.Rb1
Ne8 10.Re1 Qc7 11.Be3 h6 12.c5 exd4 13.cxd6 Qxd6 14.Bxd4 Ne5 15.Nxe5 Bxe5
16.Be3 Bg7 17.Qxd6 Nxd6 18.Bc5 Rd8 19.Rbd1 Bf8 20.e5 Bg4 21.f3 Bxf3 22.Bxf3
Nc4 23.Bxf8 Kxf8 24.b3 Nb2 25.Rd6 Nd3 26.Rd1 Rxd6 27.exd6 Ne5 28.Be2 f5 29.Na4
b6 30.Nb2 Rd8 31.Nc4 Nxc4 32.Bxc4 b5 33.Be6 Kg7 34.d7 Kf6 35.Rd6 c5 36.Rc6 Ke5
37.Rc8 Kxe6 38.Rxd8 {#r} 1-0

[Event "It (open) (w)"]
[Site "masterchessopen.com Moscow (Russia)"]
[Date "2008.02.09"]
[Round "8"]
[White "Strutinskaya Galina N (RUS)"]
[Black "Severiukhina Zoja (RUS)"]
[Result "0-1"]
[WhiteElo "2282"]
[BlackElo "2318"]

1.c4 Nf6 2.Nc3 g6 3.g3 Bg7 4.Bg2 O-O 5.d4 d6 6.e4 e5 7.Nf3 Nbd7 8.O-O c6 9.Be3
a5 10.Rb1 Ng4 11.Bg5 f6 12.Bd2 exd4 13.Nxd4 Nde5 14.Qe2 Qb6 15.Nc2 f5 16.h3
Nf6 17.Be3 Qa6 18.b3 fxe4 19.Bf4 Nf3+ 20.Kh1 d5 21.Bd6 Rf7 22.Na4 b5 23.Nb2
bxc4 24.bxc4 Bd7 25.Na4 c5 26.Rb6 Qa7 27.Rb5 Bxb5 28.cxb5 Bf8 29.Bxf8 Raxf8
30.Bxf3 exf3 31.Qe6 Re8 32.Qc6 Qd7 33.Qxd7 Nxd7 34.Ne3 d4 35.Nc4 Re2 36.a3
Rfe7 37.Kg1 d3 38.Ne3 d2 39.Nc3 Re1 40.Ncd1 Nb6 41.g4 a4 {#R} 0-1

[Event "Ch Russia (juniors) (under 20)"]
[Site "masterchessopen.com St. Petersburg (Russia)"]
[Date "2008.03.15"]
[Round "8"]
[White "Papin Vasily (RUS)"]
[Black "Lovkov Roman (RUS)"]
[Result "1-0"]
[WhiteElo "2455"]
[BlackElo "2433"]

1.d4 Nf6 2.c4 g6 3.g3 Bg7 4.Bg2 O-O 5.Nc3 d6 6.Nf3 Nbd7 7.O-O e5 8.e4 Re8 9.h3
exd4 10.Nxd4 Nc5 11.Re1 a5 12.Ndb5 Bd7 13.Bf4 Nh5 14.Be3 Bxb5 15.cxb5 Bxc3
16.bxc3 Rb8 17.Qc2 Qd7 18.c4 Re7 19.Rad1 Qe8 20.Bd4 b6 21.Ba1 f6 22.Qc3 Nd7
23.f4 Qf8 24.Rf1 h6 25.g4 Ng7 26.g5 f5 27.gxh6 {#r} 1-0

[Event "Ch SibFO (w)"]
[Site "masterchessopen.com Novokuznetsk (Russia)"]
[Date "2008.03.21"]
[Round "9"]
[White "Malina Diana (RUS)"]
[Black "Korotkova Ekaterina (RUS)"]
[Result "1-0"]
[WhiteElo "2250"]
[BlackElo "2016"]

1.c4 Nf6 2.Nc3 g6 3.g3 Bg7 4.Bg2 O-O 5.d4 d6 6.Nf3 Nbd7 7.O-O e5 8.e4 c6 9.Be3
Ng4 10.Bg5 Qb6 11.h3 exd4 12.Na4 Qa5 13.hxg4 b5 14.Nxd4 Qxa4 15.Qxa4 bxa4
16.Nxc6 Ba6 17.Rac1 Bxb2 18.Rc2 a3 19.e5 dxe5 20.Nb4 Nc5 21.Be7 Rac8 22.Bxc5
Rxc5 23.Nxa6 Rcc8 24.c5 f5 25.gxf5 gxf5 26.Bd5+ {#r} 1-0